[Event "ODJM C 2024"]
[Site "Willingen GER"]
[Date "2024.05.20"]
[Round "3"]
[White "von Gehlen, Samuel"]
[Black "Muhl, Jakob"]
[Result "1-0"]
[Termination "normal"]
[Board "13"]
[WhiteElo "1510"]
[BlackElo "1043"]
[WhiteClock "01:25:56"]
[BlackClock "01:00:24"]
[PlyCount "49"]
[WhiteFideId "34651551"]
[BlackFideId "34635181"]
[EventCountry "GER"]
[EventRounds "9"]
[EventType "swiss"]
[EventDate "2024.05.18"]

1. e4 {[%clk 01:30:59]} {[%emt 00:00:01]} e5 {[%clk 01:30:56]} {[%emt
00:00:05]} 2. Nc3 {[%clk 01:31:23]} {[%emt 00:00:06]} Nf6 {[%clk 01:31:15]}
{[%emt 00:00:11]} 3. f4 {[%clk 01:31:47]} {[%emt 00:00:06]} Nc6 {[%clk
01:31:31]} {[%emt 00:00:13]} 4. fxe5 {[%clk 01:32:01]} {[%emt 00:00:16]} Nxe5
{[%clk 01:31:45]} {[%emt 00:00:17]} 5. d4 {[%clk 01:32:30]} Nc6 {[%clk
01:31:39]} {[%emt 00:00:36]} 6. e5 {[%clk 01:32:49]} {[%emt 00:00:11]} Ng8
{[%clk 01:31:39]} {[%emt 00:00:30]} 7. Nf3 {[%clk 01:33:12]} {[%emt 00:00:06]}
Bb4 {[%clk 01:31:55]} {[%emt 00:00:14]} 8. Bc4 {[%clk 01:32:18]} {[%emt
00:01:03]} Nge7 {[%clk 01:30:57]} {[%emt 00:01:49]} 9. O-O {[%clk 01:31:31]}
{[%emt 00:01:18]} O-O {[%clk 01:30:18]} {[%emt 00:01:09]} 10. Ng5 {[%clk
01:31:33]} {[%emt 00:00:28]} d5 {[%clk 01:23:16]} {[%emt 00:07:33]} 11. exd6
{[%clk 01:31:27]} {[%emt 00:00:23]} Nf5 {[%clk 01:23:09]} {[%emt 00:00:50]} 12.
Qh5 {[%clk 01:30:02]} {[%emt 00:01:55]} h6 {[%clk 01:21:23]} {[%emt 00:02:15]}
13. Nxf7 {[%clk 01:29:14]} {[%emt 00:01:18]} Kh7 {[%clk 01:19:21]} {[%emt
00:02:32]} 14. Nxd8 {[%clk 01:28:58]} {[%emt 00:00:46]} Rxd8 {[%clk 01:19:20]}
{[%emt 00:00:31]} 15. dxc7 {[%clk 01:29:09]} {[%emt 00:00:18]} Rxd4 {[%clk
01:18:28]} {[%emt 00:01:22]} 16. Bd3 {[%clk 01:28:43]} {[%emt 00:00:56]} Bc5
{[%clk 01:16:26]} {[%emt 00:02:33]} 17. Bxf5+ {[%clk 01:28:14]} {[%emt
00:00:57]} Bxf5 {[%clk 01:09:31]} {[%emt 00:08:47]} 18. Qxf5+ {[%clk 01:30:28]}
{[%emt 00:00:12]} g6 {[%clk 01:08:31]} {[%emt 00:01:29]} 19. Qxc5 {[%clk
01:30:40]} {[%emt 00:00:17]} Kg7 {[%clk 01:04:58]} {[%emt 00:04:03]} 20. Be3
{[%clk 01:30:09]} {[%emt 00:01:02]} Rd7 {[%clk 01:02:11]} {[%emt 00:03:18]} 21.
Rad1 {[%clk 01:29:22]} {[%emt 00:01:15]} Rxc7 {[%clk 01:02:00]} {[%emt
00:00:42]} 22. Bd4+ {[%clk 01:29:39]} {[%emt 00:00:13]} Kg8 {[%clk 01:01:04]}
{[%emt 00:01:28]} 23. Qd6 {[%clk 01:28:14]} {[%emt 00:00:40]} Re7 {[%clk
01:00:03]} {[%emt 00:02:45]} 24. Qxg6+ {[%clk 01:26:09]} {[%emt 00:02:33]} Rg7
{[%clk 01:00:24]} {[%emt 00:00:11]} 25. Qxg7# {[%clk 01:25:56]} {[%emt
00:00:13]} 1-0

[Event "ODJM C 2024"]
[Site "Willingen GER"]
[Date "2024.05.20"]
[Round "3"]
[White "Nguyen, Oliver Dung"]
[Black "Peglau, Lorena"]
[Result "1-0"]
[Termination "normal"]
[Board "15"]
[WhiteElo "1017"]
[BlackElo "1563"]
[WhiteClock "00:27:40"]
[BlackClock "01:21:00"]
[PlyCount "137"]
[WhiteFideId "34664190"]
[BlackFideId "16290542"]
[EventCountry "GER"]
[EventRounds "9"]
[EventType "swiss"]
[EventDate "2024.05.18"]

1. e4 {[%clk 01:30:59]} {[%emt 00:00:01]} c6 {[%clk 01:30:54]} {[%emt
00:00:06]} 2. Nf3 {[%clk 01:31:26]} {[%emt 00:00:03]} d5 {[%clk 01:31:18]}
{[%emt 00:00:06]} 3. Nc3 {[%clk 01:31:52]} {[%emt 00:00:04]} Bg4 {[%clk
01:31:41]} {[%emt 00:00:06]} 4. h3 {[%clk 01:30:28]} {[%emt 00:01:54]} Bxf3
{[%clk 01:32:05]} {[%emt 00:00:06]} 5. Qxf3 {[%clk 01:30:53]} {[%emt 00:00:06]}
e6 {[%clk 01:32:30]} {[%emt 00:00:05]} 6. d3 {[%clk 01:28:44]} {[%emt
00:02:39]} Nf6 {[%clk 01:32:17]} {[%emt 00:00:43]} 7. Bg5 {[%clk 01:29:09]}
{[%emt 00:00:05]} Be7 {[%clk 01:32:10]} {[%emt 00:00:37]} 8. e5 {[%clk
01:25:40]} {[%emt 00:03:59]} Nfd7 {[%clk 01:32:33]} {[%emt 00:00:08]} 9. Bxe7
{[%clk 01:26:04]} {[%emt 00:00:06]} Qxe7 {[%clk 01:32:51]} {[%emt 00:00:11]}
10. d4 {[%clk 01:26:17]} {[%emt 00:00:17]} c5 {[%clk 01:33:03]} {[%emt
00:00:19]} 11. Nb5 {[%clk 01:25:36]} {[%emt 00:01:10]} Na6 {[%clk 01:33:02]}
{[%emt 00:00:31]} 12. Nd6+ {[%clk 01:22:22]} {[%emt 00:03:44]} Kf8 {[%clk
01:31:38]} {[%emt 00:01:55]} 13. Nxb7 {[%clk 01:21:24]} {[%emt 00:01:28]} Nb4
{[%clk 01:31:36]} {[%emt 00:00:31]} 14. Qb3 {[%clk 01:10:01]} {[%emt 00:11:52]}
cxd4 {[%clk 01:31:18]} {[%emt 00:00:49]} 15. Nd6 {[%clk 01:08:34]} {[%emt
00:01:55]} Rb8 {[%clk 01:31:13]} {[%emt 00:00:36]} 16. O-O-O {[%clk 00:57:06]}
{[%emt 00:11:59]} Nc6 {[%clk 01:29:22]} {[%emt 00:02:22]} 17. Qa4 {[%clk
00:56:07]} {[%emt 00:01:28]} Ndxe5 {[%clk 01:26:09]} {[%emt 00:03:42]} 18. Nb5
{[%clk 00:52:29]} {[%emt 00:04:08]} Qb7 {[%clk 01:19:35]} {[%emt 00:07:05]} 19.
Qa3+ {[%clk 00:50:40]} {[%emt 00:02:18]} Qe7 {[%clk 01:15:23]} {[%emt
00:04:42]} 20. Qxe7+ {[%clk 00:50:23]} {[%emt 00:00:48]} Kxe7 {[%clk 01:15:47]}
{[%emt 00:00:06]} 21. Nxd4 {[%clk 00:50:43]} {[%emt 00:00:10]} Rhc8 {[%clk
01:15:38]} {[%emt 00:00:39]} 22. Ba6 {[%clk 00:50:06]} {[%emt 00:01:06]} Rc7
{[%clk 01:14:59]} {[%emt 00:01:10]} 23. Rhe1 {[%clk 00:42:11]} {[%emt
00:08:25]} Rb6 {[%clk 01:12:05]} {[%emt 00:03:25]} 24. Nxc6+ {[%clk 00:38:35]}
{[%emt 00:04:06]} Nxc6 {[%clk 01:12:12]} {[%emt 00:00:23]} 25. Bd3 {[%clk
00:38:59]} {[%emt 00:00:06]} Rb8 {[%clk 01:05:11]} {[%emt 00:07:31]} 26. f4
{[%clk 00:31:36]} {[%emt 00:07:52]} g6 {[%clk 01:05:18]} {[%emt 00:00:23]} 27.
g4 {[%clk 00:30:22]} {[%emt 00:01:43]} Rbc8 {[%clk 01:05:17]} {[%emt 00:00:32]}
28. Ba6 {[%clk 00:30:17]} {[%emt 00:00:35]} Rb8 {[%clk 01:05:40]} {[%emt
00:00:08]} 29. a3 {[%clk 00:28:38]} {[%emt 00:02:09]} Na5 {[%clk 01:05:23]}
{[%emt 00:00:46]} 30. Rxd5 {[%clk 00:26:46]} {[%emt 00:02:22]} Kf6 {[%clk
01:03:39]} {[%emt 00:02:15]} 31. Rxa5 {[%clk 00:26:34]} {[%emt 00:00:42]} Rb6
{[%clk 01:03:48]} {[%emt 00:00:21]} 32. Bd3 {[%clk 00:26:08]} {[%emt 00:00:55]}
Rd6 {[%clk 01:03:34]} {[%emt 00:00:45]} 33. Kb1 {[%clk 00:25:34]} {[%emt
00:01:03]} Rd4 {[%clk 01:03:32]} {[%emt 00:00:32]} 34. f5 {[%clk 00:25:03]}
{[%emt 00:01:01]} exf5 {[%clk 01:03:02]} {[%emt 00:01:01]} 35. gxf5 {[%clk
00:25:25]} {[%emt 00:00:08]} Rh4 {[%clk 01:03:07]} {[%emt 00:00:22]} 36. fxg6
{[%clk 00:24:56]} {[%emt 00:01:03]} hxg6 {[%clk 01:03:08]} {[%emt 00:00:29]}
37. Rf1+ {[%clk 00:24:28]} {[%emt 00:00:57]} Kg7 {[%clk 01:03:26]} {[%emt
00:00:11]} 38. Rf3 {[%clk 00:24:46]} {[%emt 00:00:12]} Rb7 {[%clk 01:02:54]}
{[%emt 00:01:03]} 39. Ra6 {[%clk 00:21:42]} {[%emt 00:03:33]} Rc7 {[%clk
00:59:27]} {[%emt 00:03:58]} 40. Raf6 {[%clk 00:17:55]} {[%emt 00:04:16]} Rb7
{[%clk 00:58:47]} {[%emt 00:01:11]} 41. R6f4 {[%clk 00:18:18]} {[%emt
00:00:06]} Rh7 {[%clk 00:58:01]} {[%emt 00:01:17]} 42. Bc4 {[%clk 00:17:09]}
{[%emt 00:01:39]} Kf8 {[%clk 00:58:15]} {[%emt 00:00:15]} 43. b4 {[%clk
00:16:17]} {[%emt 00:01:21]} f5 {[%clk 00:56:40]} {[%emt 00:02:06]} 44. Kb2
{[%clk 00:12:58]} {[%emt 00:03:49]} Rhc7 {[%clk 00:55:34]} {[%emt 00:01:36]}
45. Kb3 {[%clk 00:10:23]} {[%emt 00:03:04]} Kg7 {[%clk 00:54:40]} {[%emt
00:01:25]} 46. h4 {[%clk 00:09:25]} {[%emt 00:01:27]} Kh6 {[%clk 00:54:51]}
{[%emt 00:00:19]} 47. Rd4 {[%clk 00:08:34]} {[%emt 00:01:20]} Kh5 {[%clk
00:54:57]} {[%emt 00:00:25]} 48. Be2 {[%clk 00:06:47]} {[%emt 00:02:16]} Kh6
{[%clk 00:54:30]} {[%emt 00:00:57]} 49. h5 {[%clk 00:04:47]} {[%emt 00:02:30]}
Rf7 {[%clk 00:54:06]} {[%emt 00:00:54]} 50. hxg6 {[%clk 00:03:30]} {[%emt
00:01:47]} Kxg6 {[%clk 00:54:25]} {[%emt 00:00:11]} 51. c4 {[%clk 00:01:10]}
{[%emt 00:02:50]} Rfe7 {[%clk 00:54:18]} {[%emt 00:00:37]} 52. Bd3 {[%clk
00:01:28]} {[%emt 00:00:12]} Re5 {[%clk 00:54:13]} {[%emt 00:00:35]} 53. c5
{[%clk 00:29:49]} {[%emt 00:02:08]} a5 {[%clk 01:24:06]} {[%emt 00:00:38]} 54.
Kc4 {[%clk 00:27:32]} {[%emt 00:02:47]} axb4 {[%clk 01:23:52]} {[%emt
00:00:44]} 55. axb4 {[%clk 00:26:58]} {[%emt 00:01:04]} Rc7 {[%clk 01:24:15]}
{[%emt 00:00:07]} 56. Rd5 {[%clk 00:27:12]} {[%emt 00:00:16]} Re1 {[%clk
01:24:04]} {[%emt 00:00:41]} 57. Bxf5+ {[%clk 00:27:04]} {[%emt 00:00:37]} Kg7
{[%clk 01:24:19]} {[%emt 00:00:15]} 58. Rd7+ {[%clk 00:27:27]} {[%emt
00:00:06]} Rxd7 {[%clk 01:24:38]} {[%emt 00:00:12]} 59. Bxd7 {[%clk 00:27:50]}
{[%emt 00:00:06]} Re4+ {[%clk 01:24:49]} {[%emt 00:00:19]} 60. Kb5 {[%clk
00:27:42]} {[%emt 00:00:38]} Re7 {[%clk 01:25:07]} {[%emt 00:00:12]} 61. c6
{[%clk 00:27:18]} {[%emt 00:00:53]} Re5+ {[%clk 01:24:54]} {[%emt 00:00:43]}
62. Kb6 {[%clk 00:27:24]} {[%emt 00:00:24]} Re4 {[%clk 01:25:08]} {[%emt
00:00:16]} 63. b5 {[%clk 00:27:50]} {[%emt 00:00:05]} Rc4 {[%clk 01:25:18]}
{[%emt 00:00:19]} 64. c7 {[%clk 00:26:20]} {[%emt 00:02:00]} Rh4 {[%clk
01:20:13]} {[%emt 00:05:35]} 65. c8=Q {[%clk 00:26:22]} {[%emt 00:00:29]} Rh6+
{[%clk 01:20:27]} {[%emt 00:00:15]} 66. Kc7 {[%clk 00:26:41]} {[%emt 00:00:10]}
Rh4 {[%clk 01:20:36]} {[%emt 00:00:21]} 67. Qf8 {[%clk 00:26:56]} {[%emt
00:00:15]} Kg6 {[%clk 01:20:49]} {[%emt 00:00:17]} 68. Rg3+ {[%clk 00:27:18]}
{[%emt 00:00:08]} Kh5 {[%clk 01:21:00]} {[%emt 00:00:19]} 69. Qh8# {[%clk
00:27:40]} {[%emt 00:00:07]} 1-0

[Event "ODJM C 2024"]
[Site "Willingen GER"]
[Date "2024.05.20"]
[Round "3"]
[White "Steinkamp, Matthis"]
[Black "Englert, Ann"]
[Result "0-1"]
[Termination "normal"]
[Board "17"]
[WhiteElo "1489"]
[BlackElo "1530"]
[WhiteClock "01:24:17"]
[BlackClock "01:19:28"]
[PlyCount "98"]
[WhiteFideId "16287622"]
[BlackFideId "34606181"]
[EventCountry "GER"]
[EventRounds "9"]
[EventType "swiss"]
[EventDate "2024.05.18"]

1. d4 {[%clk 01:30:58]} d5 {[%clk 01:30:54]} {[%emt 00:00:06]} 2. Nc3 {[%clk
01:31:22]} {[%emt 00:00:07]} Nf6 {[%clk 01:31:12]} {[%emt 00:00:12]} 3. Bf4
{[%clk 01:31:33]} {[%emt 00:00:18]} Bf5 {[%clk 01:30:49]} {[%emt 00:00:54]} 4.
e3 {[%clk 01:31:39]} {[%emt 00:00:24]} e6 {[%clk 01:30:46]} {[%emt 00:00:34]}
5. f3 {[%clk 01:31:58]} {[%emt 00:00:10]} Be7 {[%clk 01:30:37]} {[%emt
00:00:39]} 6. g4 {[%clk 01:31:55]} {[%emt 00:00:32]} Bg6 {[%clk 01:30:39]}
{[%emt 00:00:28]} 7. h4 {[%clk 01:31:54]} {[%emt 00:00:31]} h6 {[%clk
01:30:42]} {[%emt 00:00:27]} 8. Bd3 {[%clk 01:31:59]} {[%emt 00:00:25]} Bxd3
{[%clk 01:30:39]} {[%emt 00:00:33]} 9. Qxd3 {[%clk 01:32:22]} {[%emt 00:00:07]}
c6 {[%clk 01:29:58]} {[%emt 00:01:11]} 10. Nge2 {[%clk 01:32:08]} {[%emt
00:00:44]} Nbd7 {[%clk 01:27:27]} {[%emt 00:03:01]} 11. O-O-O {[%clk 01:32:13]}
{[%emt 00:00:25]} Nb6 {[%clk 01:25:23]} {[%emt 00:02:34]} 12. g5 {[%clk
01:30:41]} {[%emt 00:02:01]} Ng8 {[%clk 01:23:52]} {[%emt 00:02:02]} 13. e4
{[%clk 01:29:09]} {[%emt 00:02:02]} hxg5 {[%clk 01:22:20]} {[%emt 00:02:02]}
14. hxg5 {[%clk 01:29:33]} {[%emt 00:00:05]} Rxh1 {[%clk 01:22:37]} {[%emt
00:00:14]} 15. Rxh1 {[%clk 01:28:33]} {[%emt 00:01:31]} Bxg5 {[%clk 01:22:25]}
{[%emt 00:00:41]} 16. e5 {[%clk 01:28:03]} {[%emt 00:01:00]} Bxf4+ {[%clk
01:21:33]} {[%emt 00:01:22]} 17. Nxf4 {[%clk 01:28:26]} {[%emt 00:00:07]} Qg5
{[%clk 01:21:19]} {[%emt 00:00:43]} 18. Nce2 {[%clk 01:28:43]} {[%emt
00:00:14]} g6 {[%clk 01:18:39]} {[%emt 00:03:11]} 19. Rg1 {[%clk 01:28:25]}
{[%emt 00:00:48]} Qf5 {[%clk 01:17:28]} {[%emt 00:01:40]} 20. Qd1 {[%clk
01:27:33]} {[%emt 00:01:23]} O-O-O {[%clk 01:16:43]} {[%emt 00:01:15]} 21. Ng3
{[%clk 01:27:49]} {[%emt 00:00:11]} Qxf4+ {[%clk 01:16:51]} {[%emt 00:00:24]}
22. Kb1 {[%clk 01:28:12]} {[%emt 00:00:07]} Nc4 {[%clk 01:16:21]} {[%emt
00:00:59]} 23. Ka1 {[%clk 01:27:24]} {[%emt 00:01:19]} Qd2 {[%clk 01:15:39]}
{[%emt 00:01:10]} 24. b3 {[%clk 01:25:49]} {[%emt 00:02:07]} Qxd1+ {[%clk
01:16:00]} {[%emt 00:00:08]} 25. Rxd1 {[%clk 01:26:10]} {[%emt 00:00:09]} Ne3
{[%clk 01:15:45]} {[%emt 00:00:43]} 26. Rd3 {[%clk 01:26:16]} {[%emt 00:00:26]}
Nxc2+ {[%clk 01:15:42]} {[%emt 00:00:34]} 27. Kb2 {[%clk 01:26:35]} {[%emt
00:00:11]} Nb4 {[%clk 01:15:54]} {[%emt 00:00:16]} 28. Rd1 {[%clk 01:26:47]}
{[%emt 00:00:18]} Ne7 {[%clk 01:15:59]} {[%emt 00:00:26]} 29. a3 {[%clk
01:26:56]} {[%emt 00:00:22]} Na6 {[%clk 01:16:14]} {[%emt 00:00:15]} 30. b4
{[%clk 01:27:17]} {[%emt 00:00:09]} Nf5 {[%clk 01:16:32]} {[%emt 00:00:11]} 31.
Ne2 {[%clk 01:27:15]} {[%emt 00:00:32]} Ne3 {[%clk 01:16:22]} {[%emt 00:00:40]}
32. Rd3 {[%clk 01:26:33]} {[%emt 00:01:12]} Nc4+ {[%clk 01:16:40]} {[%emt
00:00:12]} 33. Kb3 {[%clk 01:26:58]} {[%emt 00:00:05]} Rh8 {[%clk 01:16:47]}
{[%emt 00:00:23]} 34. Nc3 {[%clk 01:24:35]} {[%emt 00:02:54]} Rh2 {[%clk
01:17:02]} {[%emt 00:00:14]} 35. Nd1 {[%clk 01:24:43]} {[%emt 00:00:23]} Rd2
{[%clk 01:17:10]} {[%emt 00:00:20]} 36. Kc3 {[%clk 01:24:27]} {[%emt 00:00:47]}
Rxd3+ {[%clk 01:17:34]} {[%emt 00:00:06]} 37. Kxd3 {[%clk 01:24:43]} {[%emt
00:00:14]} Nxa3 {[%clk 01:17:46]} {[%emt 00:00:19]} 38. Ne3 {[%clk 01:25:04]}
{[%emt 00:00:09]} Nxb4+ {[%clk 01:17:56]} {[%emt 00:00:20]} 39. Kc3 {[%clk
01:25:25]} {[%emt 00:00:09]} Nbc2 {[%clk 01:17:33]} {[%emt 00:00:53]} 40. Nd1
{[%clk 01:24:42]} {[%emt 00:01:13]} b5 {[%clk 01:17:46]} {[%emt 00:00:17]} 41.
Nb2 {[%clk 01:25:04]} {[%emt 00:00:08]} b4+ {[%clk 01:17:57]} {[%emt 00:00:19]}
42. Kd3 {[%clk 01:25:01]} {[%emt 00:00:32]} Nc4 {[%clk 01:18:04]} {[%emt
00:00:24]} 43. Na4 {[%clk 01:24:58]} {[%emt 00:00:33]} b3 {[%clk 01:18:12]}
{[%emt 00:00:22]} 44. Kc3 {[%clk 01:24:58]} {[%emt 00:00:29]} Kc7 {[%clk
01:18:27]} {[%emt 00:00:15]} 45. f4 {[%clk 01:24:51]} {[%emt 00:00:37]} a6
{[%clk 01:18:20]} {[%emt 00:00:37]} 46. Kd3 {[%clk 01:23:28]} {[%emt 00:01:52]}
N2a3 {[%clk 01:18:14]} {[%emt 00:00:37]} 47. Kc3 {[%clk 01:23:28]} {[%emt
00:00:31]} b2 {[%clk 01:18:37]} {[%emt 00:00:07]} 48. Nxb2 {[%clk 01:23:53]}
{[%emt 00:00:04]} Nxb2 {[%clk 01:19:03]} {[%emt 00:00:04]} 49. Kxb2 {[%clk
01:24:17]} {[%emt 00:00:06]} Nb5 {[%clk 01:19:28]} {[%emt 00:00:06]} 0-1

[Event "ODJM C 2024"]
[Site "Willingen GER"]
[Date "2024.05.20"]
[Round "3"]
[White "Bharathula, Agasthya"]
[Black "Lau, Lars"]
[Result "1/2-1/2"]
[Termination "normal"]
[Board "18"]
[WhiteElo "1142"]
[BlackElo "1554"]
[WhiteClock "01:29:30"]
[BlackClock "01:17:08"]
[PlyCount "91"]
[WhiteFideId "34641785"]
[BlackFideId "34623663"]
[EventCountry "GER"]
[EventRounds "9"]
[EventType "swiss"]
[EventDate "2024.05.18"]

1. e4 {[%clk 01:30:56]} {[%emt 00:00:04]} c5 {[%clk 01:30:57]} {[%emt
00:00:03]} 2. Nc3 {[%clk 01:31:14]} {[%emt 00:00:11]} Nc6 {[%clk 01:31:22]}
{[%emt 00:00:05]} 3. g3 {[%clk 01:31:36]} {[%emt 00:00:08]} e6 {[%clk
01:30:46]} {[%emt 00:01:06]} 4. Bg2 {[%clk 01:31:58]} {[%emt 00:00:08]} a6
{[%clk 01:30:45]} {[%emt 00:00:31]} 5. d3 {[%clk 01:32:20]} {[%emt 00:00:08]}
Nf6 {[%clk 01:30:54]} {[%emt 00:00:21]} 6. h3 {[%clk 01:32:37]} {[%emt
00:00:13]} Be7 {[%clk 01:31:06]} {[%emt 00:00:18]} 7. Be3 {[%clk 01:32:58]}
{[%emt 00:00:09]} d5 {[%clk 01:30:32]} {[%emt 00:01:03]} 8. d4 {[%clk
01:31:25]} {[%emt 00:02:04]} cxd4 {[%clk 01:30:13]} {[%emt 00:00:49]} 9. Bxd4
{[%clk 01:31:48]} {[%emt 00:00:07]} Nxd4 {[%clk 01:29:54]} {[%emt 00:00:50]}
10. Qxd4 {[%clk 01:32:10]} {[%emt 00:00:08]} dxe4 {[%clk 01:30:12]} {[%emt
00:00:12]} 11. Qxd8+ {[%clk 01:32:28]} {[%emt 00:00:11]} Bxd8 {[%clk 01:30:35]}
{[%emt 00:00:07]} 12. Nxe4 {[%clk 01:32:40]} {[%emt 00:00:18]} O-O {[%clk
01:30:27]} {[%emt 00:00:38]} 13. O-O-O {[%clk 01:33:02]} {[%emt 00:00:09]} Nxe4
{[%clk 01:30:25]} {[%emt 00:00:32]} 14. Bxe4 {[%clk 01:33:26]} {[%emt
00:00:06]} Bf6 {[%clk 01:30:31]} {[%emt 00:00:25]} 15. Ne2 {[%clk 01:33:37]}
{[%emt 00:00:18]} Rb8 {[%clk 01:30:20]} {[%emt 00:00:41]} 16. Rd3 {[%clk
01:33:56]} {[%emt 00:00:11]} b5 {[%clk 01:30:33]} {[%emt 00:00:18]} 17. Rhd1
{[%clk 01:34:10]} {[%emt 00:00:16]} Bb7 {[%clk 01:30:13]} {[%emt 00:00:49]} 18.
Bxb7 {[%clk 01:34:26]} {[%emt 00:00:14]} Rxb7 {[%clk 01:30:33]} {[%emt
00:00:10]} 19. Rd7 {[%clk 01:33:54]} {[%emt 00:01:02]} Rbb8 {[%clk 01:28:12]}
{[%emt 00:02:52]} 20. Ra7 {[%clk 01:33:49]} {[%emt 00:00:35]} Ra8 {[%clk
01:28:36]} {[%emt 00:00:06]} 21. Rdd7 {[%clk 01:34:05]} {[%emt 00:00:13]} h6
{[%clk 01:26:02]} {[%emt 00:03:05]} 22. f4 {[%clk 01:33:07]} {[%emt 00:01:28]}
a5 {[%clk 01:24:52]} {[%emt 00:01:40]} 23. Rdb7 {[%clk 01:33:16]} {[%emt
00:00:21]} b4 {[%clk 01:25:12]} {[%emt 00:00:10]} 24. g4 {[%clk 01:32:35]}
{[%emt 00:01:10]} g6 {[%clk 01:23:39]} {[%emt 00:02:03]} 25. Ng3 {[%clk
01:32:40]} {[%emt 00:00:25]} Rxa7 {[%clk 01:22:11]} {[%emt 00:01:58]} 26. Rxa7
{[%clk 01:33:01]} {[%emt 00:00:09]} Bd4 {[%clk 01:22:14]} {[%emt 00:00:27]} 27.
Rxa5 {[%clk 01:32:47]} {[%emt 00:00:42]} Rd8 {[%clk 01:22:39]} {[%emt
00:00:05]} 28. b3 {[%clk 01:32:40]} {[%emt 00:00:37]} Be3+ {[%clk 01:22:05]}
{[%emt 00:01:04]} 29. Kb2 {[%clk 01:32:57]} {[%emt 00:00:13]} Rd1 {[%clk
01:22:18]} {[%emt 00:00:17]} 30. Ra8+ {[%clk 01:31:46]} {[%emt 00:01:41]} Kg7
{[%clk 01:22:41]} {[%emt 00:00:07]} 31. c4 {[%clk 01:31:33]} {[%emt 00:00:43]}
Rd2+ {[%clk 01:21:00]} {[%emt 00:02:12]} 32. Kb1 {[%clk 01:31:44]} {[%emt
00:00:18]} Bxf4 {[%clk 01:20:57]} {[%emt 00:00:33]} 33. Ne4 {[%clk 01:31:49]}
{[%emt 00:00:25]} Rh2 {[%clk 01:20:34]} {[%emt 00:00:53]} 34. a4 {[%clk
01:31:30]} {[%emt 00:00:50]} bxa3 {[%clk 01:19:18]} {[%emt 00:01:46]} 35. Rxa3
{[%clk 01:31:43]} {[%emt 00:00:17]} Rxh3 {[%clk 01:19:38]} {[%emt 00:00:09]}
36. Kc2 {[%clk 01:30:19]} {[%emt 00:01:55]} f5 {[%clk 01:19:53]} {[%emt
00:00:14]} 37. gxf5 {[%clk 01:30:32]} {[%emt 00:00:16]} exf5 {[%clk 01:18:49]}
{[%emt 00:01:35]} 38. Ra7+ {[%clk 01:30:41]} {[%emt 00:00:21]} Kf8 {[%clk
01:18:29]} {[%emt 00:00:51]} 39. Nf6 {[%clk 01:30:33]} {[%emt 00:00:37]} Be3
{[%clk 01:18:14]} {[%emt 00:00:45]} 40. Rd7 {[%clk 01:30:44]} {[%emt 00:00:19]}
Bg5 {[%clk 01:18:05]} {[%emt 00:00:40]} 41. Nd5 {[%clk 01:30:14]} {[%emt
00:00:59]} f4 {[%clk 01:18:12]} {[%emt 00:00:23]} 42. c5 {[%clk 01:30:15]}
{[%emt 00:00:29]} Rh1 {[%clk 01:17:58]} {[%emt 00:00:45]} 43. c6 {[%clk
01:30:18]} {[%emt 00:00:28]} f3 {[%clk 01:16:37]} {[%emt 00:01:50]} 44. c7
{[%clk 01:30:34]} {[%emt 00:00:15]} Rc1+ {[%clk 01:16:53]} {[%emt 00:00:14]}
45. Kd3 {[%clk 01:30:28]} {[%emt 00:00:35]} Ke8 {[%clk 01:17:08]} {[%emt
00:00:15]} 46. Rh7 {[%clk 01:29:30]} {[%emt 00:01:28]} 1/2-1/2